000 00661cam a2200229 4500500
005 20260405000817.0
041 _afre
042 _adc
100 1 0 _aLacroix, Alexandre
_eauthor
245 0 0 _aFrançois Jullien, Yu Hua. De Mao aux J. O.
260 _c2009.
500 _a59
690 _aCapitalisme
690 _aChine
690 _aFrançois Jullien
690 _aLittérature
690 _aOccident
690 _aSocialisme
690 _aYu Hua
786 0 _nPhilosophie magazine | 32 | 9 | 2009-09-01 | p. 1-3 | 1951-1787
856 4 1 _uhttps://shs.cairn.info/magazine-philosophie-magazine-2009-9-page-1?lang=fr&redirect-ssocas=7080
999 _c2040970
_d2040970